00241 a2200109 4500001000700000020000600007040001100013100002700024240003800051245003300089362000900122166867 a  cMagnum aGourlaouen, Christiane10aAquagym: a ginastica na agualpor10aAquagym: a ginastica na agua0 a1899